[Event "6th Corsica Masters"]
[Site "Bastia FRA"]
[Date "2002.11.02"]
[Round "2.1"]
[White "Dreev,A"]
[Black "Gurevich,M"]
[Result "1-0"]
[WhiteElo "2673"]
[BlackElo "2634"]

1.d4 d5 2.c4 c6 3.Nc3 Nf6 4.e3 e6 5.Nf3 a6 6.b3 Bb4 7.Bd2 Nbd7 8.Bd3 Bd6
9.e4 dxc4 10.bxc4 e5 11.d5 cxd5 12.cxd5 Nc5 13.Bc2 Bg4 14.h3 Bh5 15.a4 Rc8
16.Qe2 Rc7 17.Rb1 Ncd7 18.O-O O-O 19.Qd3 Bxf3 20.Qxf3 Qe7 21.Bd3 Nc5 22.a5 Rfc8
23.Ne2 Nxd5 24.exd5 e4 25.Bxe4 Nxe4 26.Be3 Rc2 27.Rfe1 R2c4 28.Nd4 Qe5 29.Rxb7 Qxd5
30.Rd7 Bh2+ 31.Kxh2 Qxd7 32.Qxe4 Re8 33.Qf5 Qe7 34.Nf3 Re4 35.Ng5 Qe5+ 36.Qxe5 R4xe5
37.Ra1 Rd5 38.Nf3 Re4 39.Rc1 h6 40.Bb6 g5 41.g3 Kg7 42.Kg2 Kg6 43.Rc6+ Re6
44.Rxe6+ fxe6 45.Nd4 Rd6 46.Nb3 Kf5 47.Nc5 Rd2 48.Nxa6 Ra2 49.Nc7  1-0

[Event "6th Corsica Masters"]
[Site "Bastia FRA"]
[Date "2002.11.02"]
[Round "2.4"]
[White "Dreev,A"]
[Black "Gurevich,M"]
[Result "0-1"]
[WhiteElo "2673"]
[BlackElo "2634"]

1.d4 d5 2.c4 c6 3.Nc3 Nf6 4.e3 e6 5.Nf3 a6 6.b3 Bb4 7.Bd2 Bd6 8.Qc2 c5 9.cxd5 cxd4
10.dxe6 dxc3 11.exf7+ Ke7 12.Bxc3 Be6 13.Ng5 Qc8 14.Nxe6 Qxe6 15.Bc4 Qg4
16.f3 Qg6 17.Qb2 b5 18.Be2 Nbd7 19.O-O Kxf7 20.Rfd1 Bc5 21.Bd4 Rhc8 22.a4 Bxd4
23.Qxd4 Rc2 24.axb5 axb5 25.Bf1 Re8 26.Ra7 Re7 27.e4 Qg5 28.Rb7 Kg6 29.Qd3 Ne5
30.Qxc2 Rxb7 31.Qf2 Qf4 32.Be2 Rd7 33.Rxd7 Nexd7 34.Bxb5 Qc1+ 35.Bf1 Kf7
36.Qd4 Qf4 37.b4 Ke7 38.Qc3 Qd6 39.g3 Ne5 40.Be2 Nc6 41.b5 Nd4 42.Bf1 Nd7
43.Kg2 Ne5 44.f4 Nd7 45.Bd3 Nc5 46.Bb1 Na4 47.Qc4 Nb6 48.Qd3 Qb4 49.e5 g6
50.h4 Nd5 51.h5 Nf5 52.hxg6 hxg6 53.Kf2 Qc5+ 54.Kf3 Qc1 55.Ba2 Qh1+ 56.Ke2 Qg2+
57.Ke1 Qxa2 58.b6 Qa5+ 59.Ke2 Nxb6 60.g4 Nd5 61.Kf3 Nh4+ 62.Ke4 Nc3+ 63.Kd4 Nb5+
64.Kc5 Na7+ 65.Kd4 Nc6+ 66.Ke3 Qe1+ 67.Qe2 Ng2+  0-1

[Event "Keres Memorial Rapid"]
[Site "Tallinn EST"]
[Date "2003.01.11"]
[Round "2"]
[White "Dreev,A"]
[Black "Zontakh,A"]
[Result "1/2-1/2"]
[WhiteElo "2690"]
[BlackElo "2508"]

1.d4 Nf6 2.c4 e6 3.Nf3 b6 4.a3 Bb7 5.Nc3 d5 6.cxd5 Nxd5 7.Bd2 Be7 8.Qc2 O-O
9.e4 Nxc3 10.Bxc3 c5 11.dxc5 bxc5 12.Rd1 Qb6 13.Bd3 Nc6 14.e5 h6 15.Qa4 Nd4
16.Nxd4 cxd4 17.Bxd4 Bc5 18.Bxc5 Qxc5 19.O-O  1/2-1/2

[Event "Keres Memorial Rapid"]
[Site "Tallinn EST"]
[Date "2003.01.11"]
[Round "3"]
[White "Veingold,A"]
[Black "Dreev,A"]
[Result "0-1"]
[WhiteElo "2480"]
[BlackElo "2690"]

1.d4 d5 2.Nf3 Nf6 3.c4 c6 4.Nc3 e6 5.Bg5 h6 6.Bxf6 Qxf6 7.e3 Nd7 8.Rc1 g6
9.a3 Bg7 10.cxd5 exd5 11.Bd3 O-O 12.O-O Qd6 13.b4 Nb6 14.Qb3 Be6 15.Na4 Nxa4
16.Qxa4 Rfc8 17.Qb3 a5 18.bxa5 Rxa5 19.Qxb7 Rxa3 20.Bb1 c5 21.dxc5 Rxc5 22.Qb4 Rac3
23.Rxc3 Bxc3 24.Qh4 Kg7 25.Nd4 Bd7 26.Bd3 Qf6 27.Qxf6+ Kxf6 28.Ne2 Be5 29.Rb1 Ra5
30.g3 Ra3 31.Bb5 Bf5 32.Rd1 Bc2 33.Rc1 Be4 34.Nd4 Bxd4 35.exd4 Ra2 36.f3 Bxf3
37.Bc6  0-1

[Event "Keres Memorial Rapid"]
[Site "Tallinn EST"]
[Date "2003.01.12"]
[Round "4"]
[White "Dreev,A"]
[Black "Gavrikov,Vi"]
[Result "1-0"]
[WhiteElo "2690"]
[BlackElo "2570"]

1.d4 Nf6 2.c4 e6 3.Nf3 c5 4.d5 exd5 5.cxd5 Bd6 6.Nc3 O-O 7.g3 Bc7 8.d6 Ba5
9.Bg2 Nc6 10.O-O Bxc3 11.bxc3 Re8 12.Nd2 b6 13.e4 Ba6 14.Re1 h6 15.f4 Rc8
16.e5 Nh7 17.Bd5 Na5 18.Qh5 Rf8 19.Nf3 Bc4 20.Be4 Re8 21.Bxh7+ Kxh7 22.f5 Bd5
23.Ng5+ Kg8 24.f6 Nc4 25.fxg7 Kxg7 26.Nxf7 Bxf7 27.Bxh6+ Kh7 28.Qxf7+ Kxh6
29.Qxc4 Qg5 30.Re4  1-0

[Event "Aeroflot Open"]
[Site "Moscow RUS"]
[Date "2003.02.16"]
[Round "6"]
[White "Dreev,A"]
[Black "Bu Xiangzhi"]
[Result "1/2-1/2"]
[WhiteElo "2690"]
[BlackElo "2569"]

1.d4 d5 2.c4 c6 3.Nf3 Nf6 4.e3 g6 5.Nc3 Bg7 6.Be2 O-O 7.O-O Be6 8.Ng5 Bf5
9.cxd5 cxd5 10.Qb3 Qd7 11.Bd2 Nc6 12.Rfc1 h6 13.Nf3 Rfd8 14.Na4 Ne4 15.Nc5 Nxc5
16.Rxc5 Be4 17.Rac1 Rac8 18.Be1 e5 19.dxe5 Nxe5 20.Nd4 Rxc5 21.Rxc5 Nc6 22.Bc3 Nxd4
23.Bxd4 Bxd4 24.exd4 b6 25.Rc3 Rc8 26.f3 Bf5 27.Kf2 Qd6 28.Rxc8+ Bxc8 29.Qe3 Kh7
30.Qc3 Bd7 31.g3 Qc6 32.Qd2 Bf5 33.Bd1 a5 34.Bb3 Qb5 35.g4 Bc8 36.Qf4 Be6
37.Qd2 Bc8 38.Qf4  1/2-1/2

[Event "Aeroflot Open"]
[Site "Moscow RUS"]
[Date "2003.02.18"]
[Round "8"]
[White "Dreev,A"]
[Black "Jussupow,A"]
[Result "1-0"]
[WhiteElo "2690"]
[BlackElo "2592"]

1.d4 Nf6 2.c4 e6 3.Nf3 d5 4.Nc3 c5 5.cxd5 Nxd5 6.e4 Nxc3 7.bxc3 cxd4 8.cxd4 Bb4+
9.Bd2 Bxd2+ 10.Qxd2 O-O 11.Bc4 Nc6 12.O-O b6 13.Rad1 Na5 14.Bd3 Bb7 15.Rfe1 Qe7
16.d5 Rad8 17.Nd4 Bc8 18.Nb5 a6 19.Nc3 Bb7 20.Na4 exd5 21.Nxb6 Qc5 22.Nxd5 Nc6
23.Rb1 Ba8 24.Bxa6 f5 25.Qe3 Qa5 26.Bc4 Ne5 27.Bb3 Kh8 28.f3 fxe4 29.fxe4 Ng4
30.Qd4 Bxd5 31.exd5 Rf4 32.Qxf4 Qc5+ 33.Re3 Nxe3 34.Kh1 Rf8 35.Qe4 Nf5 36.Bc2 Qc3
37.Qxf5  1-0

[Event "Tch-SWE 2002-3"]
[Site "Sweden SWE"]
[Date "2003.03.14"]
[Round "9"]
[White "Wedberg,T"]
[Black "Dreev,A"]
[Result "1/2-1/2"]
[WhiteElo "2530"]
[BlackElo "2690"]

1.e4 c6 2.d4 d5 3.Nd2 dxe4 4.Nxe4 Bf5 5.Ng3 Bg6 6.h4 h6 7.Nf3 Nd7 8.h5 Bh7
9.Bd3 Bxd3 10.Qxd3 e6 11.Bf4 Ngf6 12.O-O-O Be7 13.Kb1 O-O 14.Ne4 Qa5 15.Nxf6+ Nxf6
16.Ne5 Rad8 17.Qg3 Kh8 18.c4 c5 19.Be3 cxd4 20.Bxd4 Kg8 21.Qe3 Rd6 22.Bc3 Qc7
23.g4 Rxd1+ 24.Rxd1 Rd8 25.Rxd8+ Qxd8 26.Kc2 a6 27.f3 Qc7 28.Qd4 Bc5 29.Qd3 Bd6
30.f4 Qc5 31.Qf3 Qc7 32.b3 Kf8 33.a4 Kg8 34.Nd3 Nd7 35.g5 hxg5 36.fxg5 Be7
37.Qg2 Nc5 38.g6 f6 39.Qe2 Qd7 40.Nxc5 Bxc5 41.h6 gxh6 42.Bxf6 Bf8 43.Qh2 Qc6
44.Qg3 Qe4+ 45.Kb2 Qe2+ 46.Kc3 a5 47.c5 Bxc5 48.Qb8+ Bf8 49.Be7 Qf3+ 50.Kd2 Qf2+
51.Kd3 Qf3+ 52.Kd2 Qf2+ 53.Kd1 Qf1+ 54.Kd2 Qf2+  1/2-1/2

[Event "Tch-SWE 2002-3"]
[Site "Sweden SWE"]
[Date "2003.03.15"]
[Round "10"]
[White "De Firmian,N"]
[Black "Dreev,A"]
[Result "1/2-1/2"]
[WhiteElo "2537"]
[BlackElo "2690"]

1.e4 c6 2.d4 d5 3.Nc3 dxe4 4.Nxe4 Bf5 5.Ng3 Bg6 6.h4 h6 7.Nf3 Nd7 8.h5 Bh7
9.Bd3 Bxd3 10.Qxd3 e6 11.Bf4 Ngf6 12.O-O-O Be7 13.Kb1 O-O 14.Ne4 Qa5 15.Nxf6+ Nxf6
16.Ne5 Rad8 17.Qg3 Kh8 18.c4 c5 19.Be3 cxd4 20.Bxd4 Kg8 21.Qe3 Rd6 22.Bc3 Qc7
23.g4 Rxd1+ 24.Rxd1 Rd8 25.Rxd8+ Qxd8 26.Qd4 a6 27.Qxd8+ Bxd8 28.f3 Nh7 29.Kc2 f5
30.Nd3 Ng5 31.Nc5 b6 32.Nxa6 Nxf3 33.gxf5 exf5 34.b4 g6 35.hxg6 h5 36.Kd3 h4
37.Ke2 Ng5 38.Be5 h3 39.Kf1 Nf3 40.Bf4 Nh4 41.c5 bxc5 42.bxc5  1/2-1/2

[Event "IV Dos Hermanas Internet Final"]
[Site "ICC INT"]
[Date "2003.03.21"]
[Round "1.3"]
[White "Kahn,E"]
[Black "Dreev,A"]
[Result "1/2-1/2"]
[WhiteElo "2325"]
[BlackElo "2690"]

1.d4 d5 2.Nc3 c6 3.Nf3 Bf5 4.g3 e6 5.Bg2 Be7 6.O-O Nd7 7.Nd2 Ngf6 8.e4 dxe4
9.Ndxe4 O-O 10.Bf4 Nd5 11.Nxd5 cxd5 12.Nd6 Bg6 13.c3 Qb6 14.Qb3 Bxd6 15.Qxb6 Nxb6
16.Bxd6 Rfc8 17.Bf4 Na4 18.Bc1 b5 19.Re1 a5 20.Bf1 Rab8 21.a3 h6 22.h3 Rc6
23.Be2 Bc2 24.Bd1 Bxd1 25.Rxd1 Rbc8 26.Re1 f6 27.Rb1 Kf7 28.Bd2 Nb6 29.Kg2 Nc4
30.Re2 Nxd2 31.Rxd2 b4 32.axb4 axb4 33.cxb4 Rb8 34.Ra1 Rxb4 35.Ra7+ Kg6 36.h4 h5
37.Re7 Rcb6 38.Kf3 Rxb2 39.Rxb2 Rxb2 40.Rxe6 Kf5 41.Rd6 Rb3+ 42.Ke2 Ke4 43.Rd7 Rb2+
44.Ke1 Rb1+ 45.Ke2 Rb2+ 46.Ke1 Rb1+ 47.Kd2 Rb2+ 48.Kc3 Rxf2 49.Re7+ Kf3 50.Rxg7 Rg2
51.Rf7 Rxg3 52.Rxf6+ Ke4+ 53.Kb4 Kxd4 54.Rf5 Ke4 55.Rxh5 Rh3 56.Rh8 d4 57.h5 Kf5
58.Kc4 d3 59.Kc3 Kg5 60.Kd2 Rxh5 61.Rxh5+ Kxh5 62.Kxd3  1/2-1/2

[Event "IV Dos Hermanas Internet Final"]
[Site "ICC INT"]
[Date "2003.03.21"]
[Round "1.2"]
[White "Dreev,A"]
[Black "Kahn,E"]
[Result "1/2-1/2"]
[WhiteElo "2690"]
[BlackElo "2325"]

1.d4 Nf6 2.c4 e5 3.dxe5 Ne4 4.Nf3 Bb4+ 5.Nbd2 Nc6 6.g3 Qe7 7.Bg2 Nxe5 8.O-O Nxd2
9.Bxd2 Nxf3+ 10.Bxf3 Bxd2 11.Qxd2 O-O 12.Rac1 d6 13.Qa5 c6 14.Rfd1 Be6 15.b3 Rfd8
16.Rc3 a6 17.Rcd3 Rd7 18.h4 Rad8 19.Qb4 Bf5 20.R3d2 Qe5 21.Kg2 Be4 22.Qb6 Bxf3+
23.Kxf3 Re8 24.Kg2 Re6 25.Qd4 Qxd4 26.Rxd4 Rxe2 27.Rxd6 Rxd6 28.Rxd6 Kf8  1/2-1/2

[Event "XII It I"]
[Site "Dos Hermanas ESP"]
[Date "2003.03.31"]
[Round "4"]
[White "Khalifman,A"]
[Black "Dreev,A"]
[Result "1/2-1/2"]
[WhiteElo "2702"]
[BlackElo "2690"]

1.e4 c6 2.d4 d5 3.e5 Bf5 4.Nc3 e6 5.g4 Bg6 6.Nge2 c5 7.Be3 Nc6 8.dxc5 Nxe5
9.Nf4 Ne7 10.Qe2 Qa5 11.O-O-O O-O-O 12.Rd4 Nc4 13.Rxc4 dxc4  1/2-1/2

[Event "XII It I"]
[Site "Dos Hermanas ESP"]
[Date "2003.04.02"]
[Round "6"]
[White "Shirov,A"]
[Black "Dreev,A"]
[Result "1/2-1/2"]
[WhiteElo "2723"]
[BlackElo "2690"]

1.e4 c6 2.d4 d5 3.Nc3 dxe4 4.Nxe4 Bf5 5.Ng3 Bg6 6.h4 h6 7.Nf3 Nd7 8.h5 Bh7
9.Bd3 Bxd3 10.Qxd3 e6 11.Bf4 Ngf6 12.O-O-O Be7 13.Ne4 O-O 14.Nxf6+ Nxf6 15.g4 Nxg4
16.Rhg1 f5 17.Qe2 Kh7 18.Qxe6 Qd5 19.Qxe7 Qxf3 20.Be5 Rg8 21.Qxb7 Qxf2 22.Kb1 Rae8
23.Qxc6 Nxe5 24.dxe5 Rxe5 25.a4 Qc5 26.Qxc5 Rxc5 27.Rd7 Ra5 28.Rf7 f4 29.Rxf4 Rxh5
30.b4 g5 31.Rf7+ Rg7 32.Rxg7+ Kxg7 33.Kb2 Kf6 34.b5 Ke5 35.Kb3 Kd5 36.Rd1+ Kc5
37.Rd7 g4 38.Rc7+ Kb6 39.Rc6+ Kb7 40.Rg6 Rg5 41.Rxh6 g3 42.Rh1 g2 43.Rg1 Kb6
44.Kb4 Rg4+ 45.c4 a5+ 46.bxa6  1/2-1/2

[Event "XII It I"]
[Site "Dos Hermanas ESP"]
[Date "2003.04.04"]
[Round "8"]
[White "Dreev,A"]
[Black "Karjakin,Sergey"]
[Result "1/2-1/2"]
[WhiteElo "2690"]
[BlackElo "2547"]

1.d4 d5 2.c4 dxc4 3.e3 Nf6 4.Nf3 e6 5.Bxc4 a6 6.O-O c5 7.Bd3 Nc6 8.Nc3 cxd4
9.exd4 Be7 10.Bg5 O-O 11.Rc1 Nd5 12.h4 h6 13.Bxe7 Ncxe7 14.Qe1 Nf6 15.Ne4  1/2-1/2

[Event "TCh-RUS"]
[Site "Togliatti RUS"]
[Date "2003.05.16"]
[Round "1"]
[White "Dreev,A"]
[Black "Makarov,M"]
[Result "1/2-1/2"]
[WhiteElo "2695"]
[BlackElo "2498"]

1.d4 d5 2.c4 dxc4 3.e4 Nf6 4.e5 Nd5 5.Bxc4 Nb6 6.Bd3 Nc6 7.Ne2 Bg4 8.f3 Be6
9.Nbc3 Bd5 10.O-O e6 11.Be3 Qd7 12.Bf2 Be7 13.Nxd5 Nxd5 14.Qc1 Ncb4 15.Be4 c6
16.Nc3 Nb6 17.a3 N4d5 18.Qc2 h5 19.Ne2 Bg5 20.Qb3 g6 21.Kh1 Nc8 22.Nc3 Ncb6
23.Bc2 Be7 24.Ne4 O-O-O 25.Qd3 g5 26.g3 h4 27.gxh4 gxh4 28.Qd2 Nc4 29.Qe2 Ncb6
30.Qd2 Nc4 31.Qc1 Ncb6 32.Rg1 Qe8 33.Bd3 f5 34.exf6 Bxf6 35.b4 Be7 36.Ng5 Bxg5
37.Qxg5 Qf7 38.Be4 Rdg8 39.Qd2 Nc4 40.Rxg8+ Qxg8 41.Qc1 Nd6 42.Bxd5 exd5
43.Qf4 Qf7 44.Qxf7 Nxf7 45.Rg1 Kd7 46.h3 Rh7 47.Rg4 Nd6 48.Kg2 Nf5 49.Kf1 Rh8
50.Ke2 Ke6 51.a4 Kf7 52.Kd3 a6 53.Be1 Re8 54.Bd2 Kf6 55.Rg1 Ng3 56.Bf4 Rg8
57.Be5+ Kf5 58.Ke3 a5 59.bxa5 Ra8 60.Bc7 Ke6 61.Rb1 Nf5+ 62.Kf4 Rf8 63.Kg4 Rg8+
64.Kf4 Rf8 65.Kg4 Rg8+ 66.Kf4  1/2-1/2

[Event "TCh-RUS"]
[Site "Togliatti RUS"]
[Date "2003.05.21"]
[Round "6"]
[White "Dreev,A"]
[Black "Svidler,P"]
[Result "1/2-1/2"]
[WhiteElo "2695"]
[BlackElo "2713"]

1.d4 Nf6 2.c4 g6 3.Nc3 d5 4.Bf4 Bg7 5.e3 c6 6.Nf3 O-O 7.Be2 a6 8.O-O b5 9.cxd5 cxd5
10.Ne5 e6 11.Nd3 Nc6 12.Rc1 Qb6 13.b4 Bd7 14.a4 Rfc8 15.axb5 axb5 16.Qb3 Ne7  1/2-1/2

[Event "TCh-RUS"]
[Site "Togliatti RUS"]
[Date "2003.05.23"]
[Round "8"]
[White "Dreev,A"]
[Black "Jakovenko,D"]
[Result "1-0"]
[WhiteElo "2695"]
[BlackElo "2562"]

1.d4 Nf6 2.c4 e6 3.Nf3 b6 4.a3 Bb7 5.Nc3 d5 6.cxd5 Nxd5 7.Bd2 Nd7 8.Nxd5 Bxd5
9.Qc2 c5 10.e4 Bb7 11.d5 exd5 12.exd5 Bd6 13.O-O-O O-O 14.Bb5 Qc7 15.Bc3 Rfd8
16.Kb1 Nf8 17.Qe4 a6 18.Bd3 b5 19.Qg4 Ng6 20.Ng5 b4 21.Bxg6 hxg6 22.Qh4 bxc3
23.Rhe1 Be5 24.Qh7+ Kf8 25.Qh8+ Ke7 26.Qxg7 Kd7 27.Qxf7+ Kc8 28.Qe6+ Rd7
29.Qe8+ Rd8 30.Qxe5 Qxe5 31.Rxe5 cxb2 32.Kxb2 Kd7 33.Ne4 Rf8 34.Kc3 Rac8
35.Rb1 Ba8 36.Rb6  1-0

[Event "18th North Sea Cup"]
[Site "Esbjerg DEN"]
[Date "2003.06.04"]
[Round "1"]
[White "Dreev,A"]
[Black "Koneru,H"]
[Result "1-0"]
[WhiteElo "2695"]
[BlackElo "2496"]

1.d4 Nf6 2.c4 e6 3.Nf3 b6 4.a3 Ba6 5.Qc2 d5 6.cxd5 exd5 7.Nc3 c6 8.Bg5 Be7
9.g3 O-O 10.Bh3 Re8 11.O-O Ne4 12.Bxe7 Rxe7 13.Ne5 Nxc3 14.bxc3 f6 15.Nd3 Qd6
16.a4 Nd7 17.a5 Ree8 18.Rfe1 Bb5 19.Nf4 Bc4 20.e4 dxe4 21.Rxe4 Nf8 22.Rae1 Rxe4
23.Qxe4 Bf7 24.a6 g5 25.Ng2 Re8 26.Qb1 Rxe1+ 27.Qxe1 Be6 28.Bxe6+ Nxe6 29.Ne3 Nc7
30.Nf5 Qd7 31.Qe7 Qxf5 32.Qd8+ Kg7 33.Qxc7+ Kg6 34.Qxc6 g4 35.c4 Qd3 36.Qd5 Qb3
37.Qe4+ f5 38.Qe6+ Kg5 39.Qe3+ Qxe3 40.fxe3 Kf6 41.Kf2  1-0

[Event "18th North Sea Cup"]
[Site "Esbjerg DEN"]
[Date "2003.06.05"]
[Round "2"]
[White "Krasenkow,M"]
[Black "Dreev,A"]
[Result "1/2-1/2"]
[WhiteElo "2609"]
[BlackElo "2695"]

1.Nf3 d5 2.c4 c6 3.e3 Nf6 4.Nc3 e6 5.d4 Nbd7 6.Bd3 dxc4 7.Bxc4 b5 8.Bd3 Bb7
9.O-O a6 10.a4 b4 11.Ne4 Nxe4 12.Bxe4 Nf6 13.Bd3 c5 14.Qe2 cxd4 15.e4 Be7
16.Bf4 O-O 17.Rfc1 Rc8 18.e5 Rxc1+ 19.Rxc1 Bxf3 20.Qxf3 Nd5 21.Bd2 a5 22.Qg4 Qb8
23.Qxd4 Rd8 24.Qe4 g6 25.Bh6 Bf8 26.Bg5 Be7 27.Bh6 Bf8 28.Bg5  1/2-1/2

[Event "18th North Sea Cup"]
[Site "Esbjerg DEN"]
[Date "2003.06.06"]
[Round "3"]
[White "Dreev,A"]
[Black "Bruzon,L"]
[Result "1/2-1/2"]
[WhiteElo "2695"]
[BlackElo "2610"]

1.d4 Nf6 2.c4 e6 3.Nf3 d5 4.Nc3 Nbd7 5.cxd5 exd5 6.Bg5 Be7 7.e3 O-O 8.Bd3 Re8
9.h3 Nf8 10.Qc2 c6 11.Bf4 Bd6 12.Bxd6 Qxd6 13.O-O-O Be6 14.Kb1 Rac8 15.g4 a6
16.Ng5 c5 17.dxc5 Qxc5 18.Nxe6 Nxe6 19.Bf5 Rc6 20.Qb3 Rb6 21.Na4 Rxb3 22.Nxc5 Rb6
23.Bxe6 fxe6 24.Rc1 Rc8 25.Rhd1 Rc7 26.f4 Ne8 27.Nd3 Rbc6 28.Rxc6 Rxc6 29.Rc1 Rxc1+
30.Kxc1 Kf7 31.Kc2 b6 32.Nb4 Nc7 33.Nc6 Ke8 34.Kd3 Kd7 35.Ne5+ Ke7 36.h4 Ne8
37.g5 a5 38.Nc6+ Kd7 39.Ne5+ Ke7 40.Nc6+ Kd7 41.Nd4 Nd6 42.h5 Ne4 43.Nf3 Ng3
44.h6 gxh6 45.gxh6 Nf5 46.Ng5 Nxh6 47.Nxh7 Nf5 48.Ng5 Kd6 49.Nf3 Ng3 50.Ng5 Nf5
51.e4 dxe4+ 52.Kxe4 b5 53.Nf7+ Ke7 54.Ne5 Kd6 55.Nf7+ Ke7 56.Ng5 Kd6 57.Kd3 Kd5
58.Ne4 Ne7 59.Nc3+ Kc5 60.Ne4+ Kd5 61.Nf6+ Kd6 62.Ne4+  1/2-1/2

[Event "18th North Sea Cup"]
[Site "Esbjerg DEN"]
[Date "2003.07.08"]
[Round "5"]
[White "Dreev,A"]
[Black "Schandorff,L"]
[Result "1/2-1/2"]
[WhiteElo "2698"]
[BlackElo "2525"]

1.d4 Nf6 2.c4 e6 3.Nf3 b6 4.a3 Bb7 5.Nc3 d5 6.cxd5 Nxd5 7.Bd2 Nd7 8.Nxd5 exd5
9.g3 Bd6 10.Bg5 Be7 11.Bxe7 Qxe7 12.Bh3 O-O 13.Rc1 c6 14.O-O Nf6 15.b4 a5
16.Ne5 axb4 17.axb4 Qxb4 18.Nxc6 Bxc6 19.Rxc6 Ne4 20.Rc2 b5 21.Bd7 Ra3 22.Qb1 Rb3
23.Qa1 Ra3 24.Qb1 Rb3 25.Qa1 Ra3 26.Qb1  1/2-1/2

[Event "18th North Sea Cup"]
[Site "Esbjerg DEN"]
[Date "2003.07.09"]
[Round "6"]
[White "Nielsen,PH"]
[Black "Dreev,A"]
[Result "0-1"]
[WhiteElo "2636"]
[BlackElo "2698"]

1.e4 c6 2.d4 d5 3.Nd2 dxe4 4.Nxe4 Bf5 5.Ng3 Bg6 6.h4 h6 7.Nf3 Nd7 8.h5 Bh7
9.Bd3 Bxd3 10.Qxd3 e6 11.Bf4 Ngf6 12.O-O-O Be7 13.Kb1 O-O 14.Ne4 Qa5 15.g4 Nxg4
16.Ne5 f5 17.Nxg4 fxe4 18.Qxe4 Qf5 19.Qe2 Nf6 20.Nxf6+ Bxf6 21.Be3 Rad8 22.Rdg1 Kh7
23.Rg4 e5 24.dxe5 Qxe5 25.c3 Qf5+ 26.Qc2 Qxc2+ 27.Kxc2 a6 28.Rb4 Rf7 29.Rh3 Re7
30.Rf4 Rd5 31.c4 Rde5 32.Rg4 Rf5 33.Rg1 b5 34.cxb5 cxb5 35.Rd1 a5 36.b3 Rc7+
37.Kb1 a4 38.Rhh1 axb3 39.axb3 Rc3 40.Ka2 b4  0-1

[Event "18th North Sea Cup"]
[Site "Esbjerg DEN"]
[Date "2003.07.10"]
[Round "7"]
[White "Dreev,A"]
[Black "Hansen,Cu"]
[Result "1-0"]
[WhiteElo "2698"]
[BlackElo "2618"]

1.d4 Nf6 2.c4 e6 3.Nf3 b6 4.a3 Ba6 5.Qc2 Bb7 6.Nc3 c5 7.e4 cxd4 8.Nxd4 Bc5
9.Nb3 Nc6 10.Bg5 h6 11.Bh4 Nd4 12.Nxd4 Bxd4 13.Bd3 Be5 14.Bg3 Qb8 15.O-O-O O-O
16.Kb1 d6 17.f3 Rd8 18.Bxe5 dxe5 19.Be2 Bc6 20.Rxd8+ Qxd8 21.Rd1 Qe7 22.Qd2 Rc8
23.b4 Kf8 24.Kb2 Be8 25.Qd6 Qxd6 26.Rxd6 Ke7 27.Rd2 g5 28.Kb3 h5 29.c5 bxc5
30.b5 Rb8 31.Kc4 Nd7 32.Rd1 h4 33.Bf1 f6 34.Be2 Rb7 35.g3 hxg3 36.hxg3 Rb8
37.g4 Rb7 38.Rh1 Kd6 39.Rh8 Rb8 40.Rh7 Kc7 41.a4 Kb6 42.Re7 Ka5 43.Kb3 a6
44.Bc4 Nb6 45.Ra7 Ra8 46.Rxa8 Nxa8 47.bxa6 Bd7 48.a7 Nb6 49.Bb5 Bxb5 50.Nxb5 Ka6
51.a5  1-0

[Event "18th North Sea Cup"]
[Site "Esbjerg DEN"]
[Date "2003.07.11"]
[Round "8"]
[White "Dreev,A"]
[Black "Sasikiran,K"]
[Result "1-0"]
[WhiteElo "2698"]
[BlackElo "2654"]

1.d4 Nf6 2.c4 e6 3.Nf3 b6 4.a3 Ba6 5.Qc2 Bb7 6.Nc3 c5 7.e4 cxd4 8.Nxd4 d6
9.Be2 Nbd7 10.Be3 a6 11.O-O Be7 12.Rfd1 O-O 13.f3 Rc8 14.Kh1 Qc7 15.Rac1 Qb8
16.Bf1 Bd8 17.b4 Bc7 18.Bg1 Kh8 19.Nb3 d5 20.exd5 exd5 21.c5 Bf4 22.Rb1 Rfe8
23.Ne2 Bh6 24.Ned4 g6 25.Qa2 Kg8 26.cxb6 Be3 27.Bxe3 Rxe3 28.Qf2 Rec3 29.b5 axb5
30.Nxb5 Rc2 31.Qg3 Nxb6 32.N3d4 R2c5 33.Nd6 Nh5 34.Qe5 Ba8 35.g4 Ng7 36.Qf6 Rf8
37.Nxf7 Rxf7 38.Qxb6 Qf8 39.Qb8 Rc8 40.Qb4 Qd8 41.Ba6 Rcc7 42.Qb8 Rf8 43.Qxd8 Rxd8
44.Rb6 Kf7 45.Re1 Ra7 46.a4 Ne8 47.Bb5 Nc7 48.Kg2 Nxb5 49.axb5 Rc8 50.Rd6 Re7
51.Rd1 Rc4 52.Kg3 Bb7 53.h4 Ke8 54.Kf4 Kf7 55.h5 gxh5 56.gxh5 Ke8 57.Kg5 Rcc7
58.b6 Rcd7 59.Rxd7 Rxd7 60.Re1+ Kf7 61.Re6 Rd8 62.Rf6+ Kg8 63.h6 Ba8 64.Kf5 Bb7
65.Ke5 Bc8 66.f4 Bb7 67.Rd6 Re8+ 68.Re6 Rb8 69.Kd6 Rf8 70.f5 Ba6 71.Re7 Rb8
72.Rg7+ Kh8 73.Kc5 Rc8+ 74.Rc7 Rb8 75.Ra7 Bb7 76.Nc6 Rf8 77.Rxb7 d4 78.Rb8  1-0

[Event "56th ch-RUS"]
[Site "Krasnoyarsk RUS"]
[Date "2003.09.03"]
[Round "1"]
[White "Rychagov,A"]
[Black "Dreev,A"]
[Result "0-1"]
[WhiteElo "2554"]
[BlackElo "2698"]

1.d4 d5 2.c4 c6 3.Nf3 Nf6 4.cxd5 cxd5 5.Nc3 Nc6 6.Bf4 e6 7.e3 Nh5 8.Be5 Be7
9.Be2 O-O 10.Rc1 Bd7 11.h3 Qb6 12.Qd2 Qa5 13.O-O Nf6 14.a3 Rfc8 15.Bg3 a6
16.Bd3 Be8 17.Rc2 Qd8 18.Rfc1 Na5 19.Qe2 b5 20.e4 dxe4 21.Nxe4 Nd5 22.b4 Nc4
23.Bxc4 bxc4 24.Rxc4 Rxc4 25.Qxc4 a5 26.Nc5 axb4 27.axb4 Qb6 28.Rb1 Ra3 29.Ne5 Nc3
30.Rb3 Rxb3 31.Qxb3 Ne2+ 32.Kh2 Nxd4 33.Qc4 Nf5 34.Bf4 g5 35.Bxg5 Bxg5 36.Qg4 h6
37.f4 Qc7 38.Ne4 Ne3 39.Qf3 Nd5 40.g3 Qc2+  0-1

[Event "56th ch-RUS"]
[Site "Krasnoyarsk RUS"]
[Date "2003.09.08"]
[Round "5"]
[White "Bachin,V"]
[Black "Dreev,A"]
[Result "1/2-1/2"]
[WhiteElo "2472"]
[BlackElo "2698"]

1.e4 c6 2.d4 d5 3.exd5 cxd5 4.c4 Nf6 5.Nc3 e6 6.Nf3 Bb4 7.cxd5 Nxd5 8.Bd2 Nc6
9.Bd3 Nf6 10.O-O O-O 11.Ne4 Be7 12.Qe2 Bd7 13.a3 a5 14.Rfd1 Qb6 15.Nxf6+ Bxf6
16.Be3 Ne7 17.Ne5 Ba4 18.b3 Qxb3 19.Nc4 Qb5 20.Rdb1 Qc6 21.Nb6 Nd5 22.Nxa8 Rxa8
23.Qb2 Rb8 24.Rc1 Qd7 25.Rc5 Ra8 26.Rb1 Bc6 27.Qd2 Bd8 28.Bb5 Bxb5 29.Rcxb5 b6
30.Qd3 a4 31.R5b2 Be7 32.Rc2 h6 33.h3 h5 34.Bd2 h4 35.Rbc1 g6 36.Qf3 Rd8
37.Rc6 Kg7 38.Qd3 Ra8 39.R1c2 Bf6 40.Bc1 Be7 41.Qc4 Bf6 42.Bb2 Ra7 43.Kf1 Qb7
44.Qe2 b5 45.R6c5 Nf4 46.Qg4 Nd5 47.Qe2 b4 48.Rb5 Qe7 49.axb4 a3 50.Ba1 Nxb4
51.Rc8 Nd5 52.Rbb8 Qd6 53.Rh8 Bg5 54.Qe5+ Qxe5 55.dxe5 Ne7 56.Rhe8 Bc1 57.Ke2 g5
58.Kd1 Bf4 59.Kc2 Rc7+ 60.Kd3 Kg6 61.Ra8 Bc1 62.Ke4 Rc4+ 63.Kd3 Rc7 64.Ke4 Rc4+
65.Kd3 Rc7 66.Ke4 Rc4+  1/2-1/2

[Event "56th ch-RUS"]
[Site "Krasnoyarsk RUS"]
[Date "2003.09.10"]
[Round "7"]
[White "Tseshkovsky,V"]
[Black "Dreev,A"]
[Result "1-0"]
[WhiteElo "2538"]
[BlackElo "2698"]

1.e4 c6 2.d4 d5 3.Nd2 dxe4 4.Nxe4 Bf5 5.Ng3 Bg6 6.h4 h6 7.Nf3 Nd7 8.h5 Bh7
9.Bd3 Bxd3 10.Qxd3 e6 11.Bf4 Ngf6 12.O-O-O Be7 13.Kb1 Qa5 14.Ne5 Rd8 15.Qe2 O-O
16.Ng6 Rfe8 17.Nxe7+ Rxe7 18.c4 Ree8 19.Qf3 Qa6 20.Rc1 b5 21.c5 Nd5 22.Ne4 Qa4
23.Rhd1 e5 24.Be3 Re6 25.Nd6 Rf6 26.Qg3 Nf4 27.b3 Qb4 28.Bd2 Qa3 29.dxe5 Nxh5
30.Qh4 Nxe5 31.Bc3 Nf4 32.Bxe5 Ng6 33.Qg3 Nxe5 34.Ne4 Rxd1 35.Nxf6+ Kf8 36.Rxd1 gxf6
37.f4 Nc4 38.Qc3 Kg7 39.Rd3 Na5 40.Rg3+ Kf8 41.Qxf6 Nb7 42.Re3  1-0

[Event "XVI Carlos Torre Mem KO"]
[Site "Merida MEX"]
[Date "2003.12.17"]
[Round "1.1"]
[White "Espinosa,Ra MEX"]
[Black "Dreev,A"]
[Result "1-0"]
[WhiteElo "2415"]
[BlackElo "2705"]

1.e4 c6 2.d4 d5 3.e5 Bf5 4.Nf3 e6 5.Be2 Ne7 6.O-O h6 7.b3 Nd7 8.c4 g5 9.Ba3 Ng6
10.Bxf8 Kxf8 11.Bd3 Bxd3 12.Qxd3 Kg7 13.Nc3 dxc4 14.Qxc4 g4 15.Ne1 c5 16.dxc5 Ndxe5
17.Qb4 Rc8 18.Rd1 Qc7 19.Nd3 Rhd8 20.Nb5 Nxd3 21.Rxd3 Qf4 22.Qxf4 Nxf4 23.Rxd8 Rxd8
24.g3 Nd5 25.a3 b6 26.c6 a6 27.c7 Ra8 28.Rc1 Ne7 29.Nd6 Nc8 30.Ne8+ Kf8 31.Nf6 Na7
32.Nd7+ Kg7 33.Nxb6 Re8 34.c8=Q Nxc8 35.Rxc8  1-0

[Event "Keres Mem Rapid"]
[Site "Tallinn EST"]
[Date "2004.01.03"]
[Round "1"]
[White "Dreev,A"]
[Black "Radjabov,T"]
[Result "1/2-1/2"]
[WhiteElo "2682"]
[BlackElo "2656"]

1.d4 e6 2.c4 f5 3.g3 Nf6 4.Bg2 c6 5.Nd2 d5 6.Nh3 Bd6 7.Nf3 O-O 8.O-O Nbd7
9.Bf4 Be7 10.Qc2 Nh5 11.Bg5 h6 12.Bxe7 Qxe7 13.Ne1 g5 14.Nd3 Qg7 15.e3 f4
16.Qe2 Nhf6 17.gxf4 g4 18.Kh1 gxh3 19.Rg1 hxg2+ 20.Rxg2 Qxg2+ 21.Kxg2 dxc4
22.Ne5 Nxe5 23.fxe5 Nh7 24.Qxc4 Rf7 25.f4 Bd7 26.Kf2 Kh8 27.Rg1 Rg8 28.Rxg8+ Kxg8
29.Qa4 a6 30.Qb3 Bc8 31.Qb6 Nf8 32.Qd8 Bd7 33.Qb8 c5 34.dxc5 Bc6 35.b4 Rg7
36.Qd8 Rg2+ 37.Kf1 Rxa2 38.f5 Bd5 39.e4 Bc4+ 40.Kg1 Ra1+ 41.Kg2 Re1 42.Qe7 Rxe4
43.f6 Rg4+ 44.Kf2 Bd5 45.h3 Rg5 46.Qc7 h5 47.h4 Rg4 48.Ke3 Bc6 49.Qe7 Rg3+
50.Ke2 Rg2+ 51.Ke3 Rg6 52.Kd2 Bd5 53.Kc3 Rg3+ 54.Kd2  1/2-1/2

[Event "Keres Mem Rapid"]
[Site "Tallinn EST"]
[Date "2004.01.03"]
[Round "3"]
[White "Dreev,A"]
[Black "Rytshagov,M"]
[Result "1-0"]
[WhiteElo "2682"]
[BlackElo "2465"]

1.d4 Nf6 2.c4 g6 3.Nc3 d5 4.Bf4 Bg7 5.e3 c5 6.dxc5 Qa5 7.Rc1 dxc4 8.Bxc4 O-O
9.Ne2 Nc6 10.Qb3 Qxc5 11.Nb5 Qh5 12.Ng3 Qh4 13.Nc7 e5 14.Bxe5 Nxe5 15.Nxa8 Bd7
16.Nc7 Bc6 17.Nd5 Kh8 18.Nf4 g5 19.Nd3 Nxd3+ 20.Qxd3 Bxg2 21.Nf5 Qh3 22.Nxg7 Kxg7
23.Rg1 Qxh2 24.Kd2 h6 25.Qd4 Re8 26.Kc2 Be4+ 27.Kb3 b5 28.Bxb5 Bd5+ 29.Ka3 Re4
30.Qxa7 Qxf2 31.b3 Rxe3 32.Qc5 Qf3 33.Ba4 Qe4 34.Rcd1 Re2 35.Bb5 Rc2 36.Qd6 Rxa2+
37.Kxa2 Qc2+ 38.Ka1 Qc3+ 39.Kb1 Qxb3+ 40.Kc1 Qc3+ 41.Kb1 Qb3+ 42.Kc1 Qxb5
43.Qe5 Qc4+ 44.Kb2 Qb4+ 45.Kc1 Qc4+ 46.Kb2 Qb3+ 47.Kc1 Be4 48.Qb2 Qe3+ 49.Qd2 Qa3+
50.Qb2 Qc5+ 51.Kd2 Kg6 52.Rge1 Bf5 53.Rc1 Qf2+ 54.Kc3 Qc5+ 55.Kb3 Be6+ 56.Rxe6 Qd5+
57.Ka3 Qxe6 58.Qc3 g4 59.Re1 Qa6+ 60.Kb2 Qb5+ 61.Ka3 Qa6+ 62.Kb2 Qb5+ 63.Ka3 Qa6+
64.Kb3 Qb5+ 65.Kc2 Qa4+ 66.Kc1 Qf4+ 67.Kb2 Qf2+ 68.Kc1 Qf3 69.Re3 Qg2 70.Rg3  1-0